| 000 | 01301nam a2200337 c 4500 | ||
|---|---|---|---|
| 999 |
_c127376 _d127376 |
||
| 003 | BLK | ||
| 005 | 20210201104150.0 | ||
| 008 | 180409b bul|||||r ||||||| ||bul|| | ||
| 010 | _aKNG00133078000 | ||
| 040 | _aBLK | ||
| 041 |
_aBUL _cBUL |
||
| 080 |
_aСвещено писание. Библия. Стар и Нов завет _b22 _x:087.5 _z22:087.5 |
||
| 139 |
_aБилин, Боян _bБ 44 |
||
| 245 | 1 | 0 |
_aПатриархът Авраам _cпреразк. Боян Билин; худож. Текла Вилхелм Алексиева. |
| 257 | _aBGR | ||
| 260 |
_bПлеяда _c1991 _aСофия |
||
| 300 |
_a32 с. _bс цв. ил. _c29 см |
||
| 380 | _a2 | ||
| 490 |
_aМоята първа Библия : Вехтият завет _vКн. 3 _9439960 |
||
| 500 | _aАвт. не е отбелязан на кор. - 5 000 тир. | ||
| 650 | 4 |
_aБиблия _9148564 |
|
| 653 | _aБиблия | ||
| 653 | _aСтар Завет | ||
| 700 | 1 |
_aБилин, Боян _eпреразк. _939075 |
|
| 700 | 1 |
_aАлексиева, Текла Вилхелм _eхудож. _9366512 |
|
| 852 | _aЦб ІІ 17174 | ||
| 856 | 4 | _qpdf | |
| 856 | 4 | _qpdf | |
| 942 |
_cKNG _n0 _s1 |
||
| 944 |
_aCR _c23.08.2012 _l23.08.2012 - от С1,Р / 23.08.2012 _kЕлица_Владова |
||
| 944 |
_aED _c23.08.2012 _l23.08.2012 - от С1,Р / 23.08.2012 |
||
| 999 | _d127376 | ||